000 01768nam a22004817a 4500
001 000095468
003 CHAP
005 20240523084134.0
008 060328d2005 it rn 00110 spa d
010 _a91934
011 _a92906
020 _a92-5-005151-4
020 _a9250053983
035 _a103473
040 _cCHAP
082 0 4 _a630.83
_bF30c 2004
110 2 _aFAO
245 1 0 _aAnuario estadístico de la FAO :
_b2004 /
_cpor FAO.
260 _aRoma :
_bFAO,
_c2005.
300 _a2 v. :
_bgráfs. + 1 disco compacto 3 1/4 plgs.
500 _aEd. cuatriligüe (ingles, frances, español, japones)
500 _aSust. a : Boletín de estadísticas de la FAO, Anuarios de producción, comercio y fertilizantes
590 _aAnuario estadístico de la FAO.
_b10
_c20130110
590 _aBATCH-UPD
_b10
_c20130410
590 _aBATCH-UPD
_b10
_c20130914
590 _aCONVERSION
_b10
_c20130109
590 _aE5995AHE
_b05
_c20140206
590 _aE5995AHE
_b05
_c20140206
650 1 4 _aAgricultura
_xEstadisticas.
_91417
650 1 4 _aAlimentos
_xAbastecimiento
_xEstadisticas.
_94128
650 1 4 _aFertilizantes
_xEstadísticas.
_940564
650 1 4 _aProductos agrícolas
_xEstadísticas.
_991939
650 1 4 _aProductos agrícolas
_xMercadeo.
_991951
650 1 4 _aProductos pecuarios
_xMercadeo.
901 _aBK
905 _aLilia
942 _cCD
_2ddc
942 _n0
_2ddc
949 _a630.83 F30 2004
_bBC
_cFAO
_d33724000984217
_eFAO1
_fv.2
_h107912
_i103473
_mD
_sb
949 _a630.83 F30 2004
_bBC
_cFAO
_d33724000985990
_eFAO1
_fv.1
_gDonaciØn
_h107736
_i103473
_mD
_sb
949 _a630.83 F30 2004
_bBC
_cFAO
_d33724002026017
_eCD
_fv.1 CD
_gDonaciØn
_i103473
_mD
_sb
949 _a630.83 F30 2004
_bBC
_cFAO
_d33724002026058
_eCD
_fv.2 CD
_i103473
_mD
_sb
999 _c91934
_d91934